3 Biggest Cities in each Region of Kosovo - Statistics

General Stats
  • This quiz has been taken 12 times
  • The average score is 12 of 21
Answer Stats
Region + Rank Population City % Correct
Gjilan 1 58,774 Gjilan
100%
Pristina 1 230,670 Priština
100%
Prizren 1 110,263 Prizren
100%
Ferizaj 1 61,434 Ferizaj
92%
Gjakova 1 45,129 Gjakova
92%
Mitrovica 1 76,732 Mitrovica
92%
Peja 1 43,611 Peja
92%
Mitrovica 3 12,818 Skenderaj
58%
Mitrovica 2 30,093 Vushtrri
58%
Peja 2 7,274 Istog
50%
Gjakova 2 14,024 Rahovec
50%
Ferizaj 2 15,781 Kaçanik
42%
Gjilan 2 7,055 Kamenica
42%
Peja 3 6,190 Klina
42%
Pristina 3 20,148 Kosovo Polje
42%
Pristina 2 24,604 Podujevë
42%
Gjilan 3 6,539 Viti
42%
Prizren 2 11,350 Suva Reka
33%
Ferizaj 3 7,503 Shtime
25%
Prizren 3 9,031 Zhur
25%
Gjakova 3 6,220 Desan
17%
No matching quizzes found
Score Distribution
Percent of People with Each Score
Percentile by Number Answered
Your Score History
You have not taken this quiz